Statistics for Physics Constants

Click here to take the quiz!

General Stats

  • This quiz has been taken 1,816 times
  • The average score is 15 of 22

Answer Stats

HintAnswer% Correct
metrelength
99%
secondtime
99%
kelvinabsolute temperature
98%
degree Celciustemperature
98%
kilogrammass
97%
jouleenergy
96%
newtonforce
93%
hertzfrequency
90%
ohmresistance
89%
amperecurrent
89%
wattpower
89%
pascalpressure
86%
voltpotential difference
80%
coulombcharge
77%
radianangle
76%
faradcapacitance
44%
webermagnetic flux
34%
becquerelradioactivity
31%
teslaflux density
16%
siemensconductance
14%
grayabsorbed dose
11%
sievertequivalent dose
3%

Score Distribution

Percentile by Number Answered

Percent of People with Each Score

Your Score History

You have not taken this quiz